000 00705nam a2200229 a 4500
001 000023445
005 20200930022226.0
008 990728s1993 sp 000 f spa d
020 _a8477583188
040 _aDO-SdBNP
_bspa
_cBNPHU
082 _a843.8
_bD886da
100 1 _aDumas, Alexandre,
_d1808-1870
_948313
245 1 3 _aLa dama de las camelias /
_cAlejandro Dumas.
260 _aMadrid :
_bClud Internacional del Libro,
_c[1993].
300 _a249 p. ;
_c20 cm.
490 1 _aGrandes genios de la literatura universal
650 4 _aNovela francesa
_91075
650 4 _aLiteratura francesa
_91074
830 0 _aGrandes genios de la literatura universal
_97077
910 _aWM
049 _aBNGR
999 _c22941
_d22941